000 00508nmm a2200169Ia 4500
008 251105s9999||||xx |||||||||||||||||und||
020 _a8497424174
041 _aspa
100 _aOtero Novas, José Manuel
245 0 _aAsalto al Estado :
_b España debe subsistir
264 _a[Madrid, España] :
_bBiblioteca Nueva,
_c2005
300 _a476 páginas
490 _aEnsayo Pensamiento
650 _aPolitical Science (General)
856 _uhttps://public.digitaliapublishing.com/a/5216
942 _cCF
999 _c74179
_d74179